Agile Project Management

Gespeichert in:
Bibliographische Detailangaben
1. Verfasser: Layton, Mark C.
Weitere Verfasser: Ostermiller, Steven J.
Format: Buch
Sprache:Englisch
Veröffentlicht: Hoboken John Wiley & Sons 2017
Ausgabe:2nd Edition
Schriftenreihe:For Dummies: A Wiley Brand
Schlagworte:
Tags: Tag hinzufügen
Keine Tags, Fügen Sie das erste Tag hinzu!

MARC

LEADER 00000nam a2200000 4500
001 0254525
005 20240221112542.2
020 |a 978-1-119-40569-6 
041 0 |a eng 
044 |a US 
245 1 0 |a Agile Project Management  |c Mark C. Layton, Steven J. Ostermiller 
250 |a 2nd Edition 
264 1 |a Hoboken  |b John Wiley & Sons  |c 2017 
300 |a 416 s. 
490 1 |a For Dummies: A Wiley Brand 
830 0 |a For Dummies: A Wiley Brand 
610 2 0 |a projekty 
610 2 0 |a manažéri 
610 2 0 |a riadenie projektové 
610 2 0 |a riadenie operatívne 
610 2 0 |a riadenie času 
610 2 0 |a riadenie kvality 
610 2 0 |a riadenie rizík 
610 2 0 |a plánovanie 
610 2 0 |a tímy pracovné 
610 2 0 |a prostredie pracovné 
610 2 0 |a komunikácia 
100 1 |a Layton, Mark C. 
700 1 |a Ostermiller, Steven J.